Le site touristique le plus visité de chaque département - Statistiques

Statistiques générales
  • Ce quiz a été pris 7 927 fois
  • Le résultat moyen est 37 sur 101
Statistiques - réponses
Par images Hint Réponse % Correct
Le Piton de la Fournaise La Réunion
84%
La Basilique du Sacré-Coeur Paris
74%
La Parc zoologique de Lille Nord
73%
La Citadelle de Calvi Haute-Corse
72%
Pont du Gard Gard
71%
Le Domaine de Versailles Yvelines
71%
L'Aquarium de La Rochelle Charente-Maritime
69%
L'Océanopolis de Brest Finistère
69%
Citadelle de Belfort Territoire de Belfort
68%
Le Château du Koenigsbourg Bas-Rhin
65%
Le Mont Saint-Michel Manche
63%
Disneyland Paris Seine-et-Marne
62%
Le Cimetière américain de Colleville-sur-Mer Calvados
61%
L'Alignement mégalithique de Carnac Morbihan
61%
La Basilique Notre-Dame-de-la-Garde Bouches-du-Rhône
59%
L'Aquarium de Saint-Malo Ille-et-Vilaine
59%
Le Parc botanique et zoologique de Mulhouse Haut-Rhin
58%
La Cathédrale Notre-Dame de Rouen Seine-Maritime
58%
Le Parc du Futuroscope Vienne
58%
Le Château des Ducs de Bretagne Loire-Atlantique
56%
Le Puy du Fou Vendée
56%
Le Fort Saint-Louis Martinique
55%
La cathédrale Notre-Dame d'Amiens Somme
55%
Lascaux Dordogne
53%
L’Ile de Loisirs de Cergy-Pontoise Val-d'Oise
53%
Château et Remparts de Carcassonne Aude
52%
La Citadelle de Besançon Doubs
52%
Le Palais des Papes Vaucluse
52%
Le Sanctuaire de Lourdes Hautes-Pyrénées
50%
Château de Foix Ariège
49%
Le Panoramique des dômes Puy-de-Dôme
49%
La Cathédrale de Reims Marne
48%
Le Château de Sedan Ardennes
46%
Le Viaduc de Millau Aveyron
46%
La Réserve naturelle de Scandola Corse-du-Sud
46%
Basilique Notre-Dame de Fourvière Rhône
46%
La Cathédrale de Bourges Cher
45%
La Cathédrale Notre-Dame de Chartres Eure-et-Loir
45%
Le Château de Chenonceau Indre-et-Loire
45%
Le Mont Choungui Mayotte
44%
Le Parc Astérix Oise
44%
Les Hospices de Beaune Côte-d'Or
43%
La Cité de l'Espace Haute-Garonne
42%
Le Musée de la Cité Internationale de la BD Charente
41%
Le Parc animalier des Monts de Guéret Creuse
41%
Walibi Rhône-Alpes Isère
41%
La Cathédrale Sainte-Marie d'Auch Gers
39%
Le Parc Marineland Alpes-Maritimes
38%
Le Zoo de la Flèche Sarthe
36%
Le Puy Mary Cantal
35%
Le Zoo de Beauval Loir-et-Cher
34%
Le Gouffre de Padirac Lot
33%
Le Chemin de Fer du Montenvers Haute-Savoie
32%
Le Musée de Préhistoire des Gorges du Verdon Alpes-de-Haute-Provence
31%
Le Sentier de Montabo Guyane
31%
Walibi Sud-Ouest Lot-et-Garonne
31%
Maison et Jardins de Claude Monet Eure
30%
Le Village martyr d'Oradour-sur-Glane Haute-Vienne
28%
La Citadelle de Blaye Gironde
27%
Le Parc à loups du Gévaudan Lozère
27%
Le Château de Lunéville Meurthe-et-Moselle
27%
L'Ossuaire de Douaumont Meuse
27%
Le Mémorial Charles de Gaulle Haute-Marne
26%
Nausicaa Pas-de-Calais
26%
Le Train de la Rhune Pyrénées-Atlantiques
26%
Azur Park Var
26%
La Cascade aux écrevisses Guadeloupe
25%
Le Zoo d'Amnéville Moselle
25%
L'Abbaye d'Hautecombe Savoie
25%
La Cathédrale Saint-Cécile Tarn
25%
La Grotte Chauvet Ardèche
24%
La Cascade du Hérisson Jura
24%
Le Cloître de Moissac Tarn-et-Garonne
24%
Le Fort de La Latte Côtes-d'Armor
23%
Le Château de Valençay Indre
21%
Le Musée de l'Air et de l'Espace Seine-Saint-Denis
21%
La Ferme aux Crocodiles Drôme
20%
Le Site d'Arjuzanx Landes
19%
Terra Botanica Maine-et-Loire
18%
Le Pal Allier
15%
Le Parc des Oiseaux Ain
14%
Le Haras national du Pin Orne
14%
Le Playmobil Fun Park Val-de-Marne
13%
Le Parc floral de la Source Loiret
11%
Fraispertuis City Vosges
11%
Le Zoo de Saint-Martin-la-Plaine Loire
10%
L'Espace Sainte-Bernadette Nièvre
10%
L'Axo-Plage Aisne
9%
L'Arboretum de la Vallée-aux-Loups Hauts-de-Seine
9%
La Propriété Caillebotte Essonne
8%
Cathédrale Notre-Dame-de-l'Annonciation Haute-Loire
8%
Europark Hérault
8%
Le Refuge de l'Arche Mayenne
8%
La Basilique Sacré-Coeur Saône-et-Loire
8%
Le Musée Camille Claudel Aube
7%
Les Jardins de Colette Corrèze
7%
La Verrerie de Passavant-la-Rochère Haute-Saône
7%
Site du Lac de la Raho Pyrénées-Orientales
7%
Le Parc de la Vallée Deux-Sèvres
6%
Le Sanctuaire de Notre-Dame de Laus Hautes-Alpes
6%
La Basilique Sainte-Marie-Madeleine Yonne
6%
Aucun quiz correspondant
Distribution des résultats
% des personnes avec chaque résultat
Percentile par nombre de réponses
Votre historique - résultats
Vous n’avez pas pris ce quiz